Do I hear a waltz? : (Record no. 1886)

MARC details
000 -LEADER
fixed length control field 03162cjm a2200673 i 4500
001 - CONTROL NUMBER
control field data
005 - DATE AND TIME OF LATEST TRANSACTION
control field 20260322212123.0
007 - PHYSICAL DESCRIPTION FIXED FIELD--GENERAL INFORMATION
fixed length control field data
008 - FIXED-LENGTH DATA ELEMENTS--GENERAL INFORMATION
fixed length control field data
035 ## - SYSTEM CONTROL NUMBER
System control number 23420441
010 ## - LIBRARY OF CONGRESS CONTROL NUMBER
LC control number 2023887219
024 1# - OTHER STANDARD IDENTIFIER
Standard number or code 030206212624
028 02 - PUBLISHER OR DISTRIBUTOR NUMBER
Publisher or distributor number 302 062 126 2
Source Fynsworth Alley
033 #0 - DATE/TIME AND PLACE OF AN EVENT
Geographic classification area code 4364
Geographic classification subarea code B9
035 ## - SYSTEM CONTROL NUMBER
System control number (OCoLC)698397273
040 ## - CATALOGING SOURCE
Original cataloging agency ZAE
Language of cataloging eng
Description conventions rda
Transcribing agency YUS
Modifying agency DLC
-- OCLCO
-- OCLCA
-- OCLCQ
-- OCLCO
-- OCLCA
-- OCLCO
-- DLC
042 ## - AUTHENTICATION CODE
Authentication code lccopycat
045 0# - TIME PERIOD OF CONTENT
Formatted 9999 B.C. through C.E. time period d1965
050 00 - LIBRARY OF CONGRESS CALL NUMBER
Classification number SDD 72843
100 1# - MAIN ENTRY--PERSONAL NAME
Personal name Rodgers, Richard,
Dates associated with a name 1902-1979,
Relator term composer.
245 10 - TITLE STATEMENT
Title Do I hear a waltz? :
Remainder of title the new recording /
Statement of responsibility, etc. [music by Richard Rodgers ; lyrics by Stephen Sondheim ; book by Arthur Laurents, based on his play The time of the cuckoo].
264 #1 - PRODUCTION, PUBLICATION, DISTRIBUTION, MANUFACTURE, AND COPYRIGHT NOTICE
Place of production, publication, distribution, manufacture Universal City, CA :
Name of producer, publisher, distributor, manufacturer Varèse Sarabande,
-- Varèse Sarabande,
Date of production, publication, distribution, manufacture, or copyright notice [2001]
264 #2 - PRODUCTION, PUBLICATION, DISTRIBUTION, MANUFACTURE, AND COPYRIGHT NOTICE
Place of production, publication, distribution, manufacture [United States?] :
Name of producer, publisher, distributor, manufacturer Distributed by Universal Music and Video Distribution
264 #4 - PRODUCTION, PUBLICATION, DISTRIBUTION, MANUFACTURE, AND COPYRIGHT NOTICE
Date of production, publication, distribution, manufacture, or copyright notice ℗2001
300 ## - PHYSICAL DESCRIPTION
Extent 1 audio disc :
Other physical details digital ;
Dimensions 4 3/4 in.
336 ## - CONTENT TYPE
Content type term performed music
Content type code prm
Source rdacontent
337 ## - MEDIA TYPE
Media type term audio
Media type code s
Source rdamedia
338 ## - CARRIER TYPE
Carrier type term audio disc
Carrier type code sd
Source rdacarrier
344 ## - SOUND CHARACTERISTICS
Type of recording digital
Source rdatr
344 ## - SOUND CHARACTERISTICS
Recording medium optical
Source rdarm
344 ## - SOUND CHARACTERISTICS
Configuration of playback channels stereo
Source rdacpc
347 ## - DIGITAL FILE CHARACTERISTICS
File type audio file
Source rdaft
347 ## - DIGITAL FILE CHARACTERISTICS
Encoding format CD audio
500 ## - GENERAL NOTE
General note Studio recording of the 2001 Pasadena Playhouse revival cast.
500 ## - GENERAL NOTE
General note Title from disc label.
500 ## - GENERAL NOTE
General note Orchestrations by Ralph Burns and Steve Orich.
500 ## - GENERAL NOTE
General note Program notes by Theodore S. Chapin and synopsis by David Lee (8 unnumbered pages : illustrations) in container.
505 00 - FORMATTED CONTENTS NOTE
Title Finale.
-- Someone woke up --
-- This week Americans --
-- What do we do? We fly! --
-- Here we are again --
-- Someone like you --
-- Lezione in inglese --
-- Thinking --
-- We're going to the Lido --
-- No understand --
-- Take the moment --
-- Moon in my window --
-- We're gonna be all right --
-- Do I hear a waltz? --
-- Stay --
-- Perfectly lovely couple --
-- Everybody loves Leona --
-- Last week Americans --
-- Thank you so much ;
-- Finale.
508 ## - CREATION/PRODUCTION CREDITS NOTE
Creation/production credits note Album produced by Bruce Kimmel.
511 0# - PARTICIPANT OR PERFORMER NOTE
Participant or performer note Pasadena Playhouse cast, starring Alyson Reed and Anthony Crivello, with Jack Riley, Elmarie Wendel, Carol Lawrence, and other performers ; orchestra ; Steve Orich, conductor.
518 ## - DATE/TIME AND PLACE OF AN EVENT NOTE
Other event information Recorded at
Place of event O'Henry Studios, Burbank, CA.
650 #0 - SUBJECT ADDED ENTRY--TOPICAL TERM
Topical term or geographic name entry element Musicals.
650 #7 - SUBJECT ADDED ENTRY--TOPICAL TERM
Topical term or geographic name entry element Musicals.
Source of heading or term fast
Authority record control number or standard number (OCoLC)fst01030814
655 #7 - INDEX TERM--GENRE/FORM
Genre/form data or focus term Musicals.
Source of term lcgft
700 1# - ADDED ENTRY--PERSONAL NAME
Personal name Burns, Ralph,
Relator term arranger of music.
700 1# - ADDED ENTRY--PERSONAL NAME
Personal name Crivello, Anthony,
Dates associated with a name 1955-
Relator term singer.
700 1# - ADDED ENTRY--PERSONAL NAME
Personal name Laurents, Arthur,
Relator term librettist.
700 1# - ADDED ENTRY--PERSONAL NAME
Personal name Lawrence, Carol,
Dates associated with a name 1932-
Relator term singer.
700 1# - ADDED ENTRY--PERSONAL NAME
Personal name Orich, Steven,
Relator term arranger of music.
-- arranger of music.
700 1# - ADDED ENTRY--PERSONAL NAME
Personal name Reed, Alyson,
Relator term singer.
700 1# - ADDED ENTRY--PERSONAL NAME
Personal name Riley, Jack,
Dates associated with a name 1935-2016,
Relator term singer.
700 1# - ADDED ENTRY--PERSONAL NAME
Personal name Sondheim, Stephen,
Relator term lyricist.
700 1# - ADDED ENTRY--PERSONAL NAME
Personal name Wendel, Elmarie,
Relator term singer.
700 1# - ADDED ENTRY--PERSONAL NAME
Relationship information Musical theatre adaptation of (work):
Personal name Laurents, Arthur.
Title of a work Time of the cuckoo.
710 2# - ADDED ENTRY--CORPORATE NAME
Corporate name or jurisdiction name as entry element Pasadena Playhouse,
Relator term performer.
906 ## - LOCAL DATA ELEMENT F, LDF (RLIN)
a 7
b cbc
c copycat
d 2
e ncip
f 20
g y-soundrec
925 0# -
-- acquire
-- 2 shelf copies
-- policy default
Holdings
Withdrawn status Lost status Damaged status Not for loan Home library Current library Shelving location Date acquired Total checkouts Full call number Barcode Date last seen Price effective from Koha item type
        Troy Troy General stacks 22/03/2026   SDD 72843 LOC-TPL-00018 22/03/2026 22/03/2026 Books